000
00277 a2200109 4500
245
_a
Ministers of grace
_h
Text
020
_a
085439298x
100
_a
Lang, Judith
650
_a
Women in the early church
005
20191017173141.0
260
_a
Middlegreen
_b
St Paul Pulicaion
_c
1989
084
_a
BR195.W6L24
999
_c
9865
_d
9865